000 00314nam a2200121Ia 4500
008 220216s9999 xx 000 0 und d
100 _aRajammal G
245 0 _aDefining low-protein NRL : Question marks over criteria
260 _bRubber Asia
_c2003
300 _a89-91
650 _aLow-protein NRL
942 _cJS
999 _c56761
_d56761